000 00634nam a2200241Ia 4500
003 OSt
005 20220912150713.0
006 a|||||r|||| 00| 0
007 ta
008 220909b |||||||| |||| 00| 0 eng d
024 _a32597
037 _cTextual
040 _aCSL
_beng
_cCSL
041 _aeng
082 _aU2853, M0
100 _aBreuer Georg
245 0 _aWeather modification: Prospects and problems
260 _aCambridge
_bCambridge University Press
_c1980
300 _axiii, 178p.
_ccm.
650 _ameteorology
942 _hU2853, M0
_cTEXL
_2CC
999 _c53022
_d53022